Statistics for Which Country Fits?

Click here to take the quiz!

General Stats

  • This quiz has been taken 93 times
  • The average score is 13 of 16

Answer Stats

HintAnswer% Correct
Through which country does the Nile flow?Sudan
88%
Which country has a population of less than one million?Bhutan
87%
Which country is one-time winner of the soccer World Cup?Spain
86%
Which country borders no other countries?The Philippines
86%
Which country became an EU member after 1990?Croatia
83%
Which country is located entirely south of the equator?Zimbabwe
83%
Which country borders a Baltic state?Russia
82%
Which country has the largest capital city?Indonesia
81%
Which country is the location of a Disneyland Theme Park?China
79%
Which country was once a German colony?Cameroon
76%
Which country borders eight other countries?Serbia
76%
Which country has a capital city that starts with the letter S?South Korea
73%
Which country is the location of the oldest still-operating university?Italy
72%
Which country has a nominal GDP per capita of more than $70,000?Norway
71%
Which country has multiple capital cities?Benin
67%
Which country is a member of OPEC?Nigeria
67%

Score Distribution

Percentile by Number Answered

Percent of People with Each Score

Your Score History

You have not taken this quiz